<?xml version="1.0" encoding="UTF-8"?>
<record
    xmlns:xsi="http://www.w3.org/2001/XMLSchema-instance"
    xsi:schemaLocation="http://www.loc.gov/MARC21/slim http://www.loc.gov/standards/marcxml/schema/MARC21slim.xsd"
    xmlns="http://www.loc.gov/MARC21/slim">

  <leader>014310000a22001930004500</leader>
  <datafield tag="020" ind1=" " ind2=" ">
    <subfield code="a">978-84-9945-119-0</subfield>
  </datafield>
  <datafield tag="082" ind1="0" ind2="4">
    <subfield code="a">G 270.1 A2841a</subfield>
  </datafield>
  <datafield tag="245" ind1="1" ind2="0">
    <subfield code="a">As&#xED; empez&#xF3; el cristianismo / Editado por Rafael Aguirre</subfield>
  </datafield>
  <datafield tag="260" ind1=" " ind2=" ">
    <subfield code="a">Estella, Navarra : Verbo Divino</subfield>
  </datafield>
  <datafield tag="300" ind1=" " ind2=" ">
    <subfield code="a">597 p.</subfield>
  </datafield>
  <datafield tag="440" ind1=" " ind2="0">
    <subfield code="a">Col. Agora ; no.28</subfield>
  </datafield>
  <datafield tag="505" ind1="0" ind2="0">
    <subfield code="a">El proceso de surgimiento del cristianismo / Rafael Aguirre Monasterio -- El contexto hist&#xF3;rico y sociocultural / Esther Miquel Peric&#xE1;s -- La primera generaci&#xF3;n en Judea y Galilea / Santiago Guaijarro Oporto -- La primera generaci&#xF3;n fuera de Palestina / Carlos Gil Arbiol -- La segunda generaci&#xF3;n y la conservaci&#xF3;n de la memoria de Jes&#xFA;s: el surgimiento de los evangelios / Rafael Aguirre Monasterio -- El desarrollo de la tradici&#xF3;n paulina / Carlos Gil Arbiol -- Las comunidades jo&#xE1;nicas: un largo recorrido en dos generaciones -- Otras l&#xED;neas cristianas de la segunda generaci&#xF3;n -- El cristianismo en el Imperio romano (siglos I-II) / David &#xC1;lvarez Cineira -- El nacimiento de la Gran Iglesia / Fernando Rivas Rebaque -- Las mujeres en los or&#xED;genes cristianos / Elisa Est&#xE9;vez L&#xF3;pez -- Elenco de literatura cristiana primitiva / Fernando Rivas Rebaque</subfield>
  </datafield>
  <datafield tag="650" ind1="1" ind2="4">
    <subfield code="a">IGLESIA - HISTORIA - PERIODO PRIMITIVO, 30-600 \ CRISTIANISMO - HISTORIA</subfield>
  </datafield>
  <controlfield tag="001">674</controlfield>
  <datafield tag="942" ind1=" " ind2=" ">
    <subfield code="c">BK</subfield>
  </datafield>
  <datafield tag="952" ind1=" " ind2=" ">
    <subfield code="0">0</subfield>
    <subfield code="1">0</subfield>
    <subfield code="4">0</subfield>
    <subfield code="7">0</subfield>
    <subfield code="8">GEN</subfield>
    <subfield code="a">FUSBC</subfield>
    <subfield code="b">FUSBC</subfield>
    <subfield code="d">2012-11-16</subfield>
    <subfield code="l">7</subfield>
    <subfield code="m">4</subfield>
    <subfield code="o">G 270.1 A2841a </subfield>
    <subfield code="p">17724</subfield>
    <subfield code="r">2024-03-01 00:00:00</subfield>
    <subfield code="s">2024-02-28</subfield>
    <subfield code="t">1</subfield>
    <subfield code="w">2016-01-26</subfield>
    <subfield code="y">BK</subfield>
    <subfield code="B">0</subfield>
    <subfield code="C">3</subfield>
  </datafield>
  <datafield tag="999" ind1=" " ind2=" ">
    <subfield code="c">32154</subfield>
    <subfield code="d">32154</subfield>
  </datafield>
  <datafield tag="336" ind1=" " ind2=" ">
    <subfield code="a">texto</subfield>
    <subfield code="b">txt</subfield>
    <subfield code="2">rdacontent</subfield>
  </datafield>
  <datafield tag="337" ind1=" " ind2=" ">
    <subfield code="2">rdamedia</subfield>
    <subfield code="a">sin mediaci&#xF3;n</subfield>
    <subfield code="b">n</subfield>
  </datafield>
  <datafield tag="338" ind1=" " ind2=" ">
    <subfield code="2">rdacarrier</subfield>
    <subfield code="a">volumen</subfield>
    <subfield code="b">nc</subfield>
  </datafield>
</record>
